| 000 | 00534nam a2200181 4500 | ||
|---|---|---|---|
| 020 | _a0-07-037967-3 | ||
| 082 |
_a532 _bLIN _cL-22 P-34 |
||
| 100 |
_aLinsley , Ray K. _92147 |
||
| 245 | _aHydrology for engineers. | ||
| 250 | _a2nd Edition. | ||
| 260 |
_aJapan _bKosaido printing co LTD Tokyo _c1975 |
||
| 300 |
_axxiii, 482 p. : _bill, : _c8 Cm |
||
| 526 |
_a0 _b0 _c0 _d532_000000000000000_LIN |
||
| 526 |
_a0 _b0 _c0 _d532_000000000000000_LIN |
||
| 526 |
_a0 _b1 _c0 _d532_000000000000000_LIN |
||
| 650 |
_aMCE _9379 |
||
| 942 |
_2ddc _cBK |
||
| 999 |
_c544320 _d544320 |
||